Champions League Torschützen 2022/2023 - Statistiken

Allgemein
  • Dieses Quiz wurde 308 mal gespielt
  • Das Durchschnittsergebnis liegt bei 7 aus 11
Antwortstatistiken
Tore Verein Spieler % Korrekt
12 Manchester City Erling Haaland
99%
8 FC Liverpool Mohamed Salah
98%
7 Paris Saint-Germain Kylian Mbappé
97%
7 Real Madrid Vinícius Júnior
89%
5 FC Barcelona Robert Lewandowski
82%
5 Real Madrid Rodrygo
68%
5 SSC Neapel Victor Osimhen
66%
5 AC Mailand Olivier Giroud
62%
5 FC Porto Mehdi Taremi
36%
6 Benfica Lissabon João Mário
28%
5 Benfica Lissabon Rafa Silva
8%
Keine übereinstimmenden Quizze gefunden
Verteilung der Resultate
Anzahl Personen mit jedem Resultat
Perzentil nach korrekt beantworteten Fragen
Ihre Resultats-Entwicklung
Sie haben dieses Quiz noch nicht gespielt